00466nam a2200181Ia 4500008004100000020001400041245002700055245002400082245006000106260001500166260001600181260000900197300001600206300002500222300001000247500000800257999001900265170705s9999 xx 000 0 und d a590460595 4aThe boxcar childeren : bthe pizza mystery / cGertrude Chandler Warner ; illustrated by Charles Tang. aNew York : bScholastic, c1993 a121 pages : bcolor illustration ; c19cm. a640 c336157d336157